000 00667nam a2200205Ii 4500
003 JO-AjNU
008 230605s9999||||xx |||||||||||||| ||und||
040 _aJO-AjNU
_bara
_erda
_cJO-AjNU
041 _aara
050 1 4 _aTX353 1989
100 3 _aالنوري، فاروق فاضل /م. مشارك الطالباني ,
_eauthor
_937048
245 0 0 _aالمرجع في العلوم الغذائية
250 _aط3
264 3 1 _aالقاهرة:دار المعارف، 1989
300 _a450ص
336 _atext
_btxt
_2rdacontent
337 _aunmediated
_bn
_2rdamedia
338 _avolume
_bnc
_2rdacarrier
650 4 _aالعلوم الغذائية
_937049
999 _aA15446
_c19014
_d19014